| 000 | 00369nam a22001577a 4500 | ||
|---|---|---|---|
| 003 | OSt | ||
| 008 | 240215b |||||||| |||| 00| 0 eng d | ||
| 020 | _a9789350300848 | ||
| 041 | _aeng | ||
| 082 |
_a631.5875 _bSIN/RA |
||
| 100 |
_aSingh, D.K _9793 |
||
| 245 | _aRain water harvesting / | ||
| 260 |
_aJaipur _bOxford Book company _c2012 |
||
| 300 | _a264p | ||
| 942 | _cBK | ||
| 999 |
_c13802 _d13802 |
||